000 00513nam a2200169Ia 4500
005 20260601193251.0
008 260601s9999||||xx |||||||||||||| ||und||
020 _a978-3-031-63422-2
_qebk
100 _aBernhard Ganter
245 0 _aFormal Concept Analysis
250 _aSecond Edition 2024
260 _aHeidelberg, Germany
_bSpringer Nature
_c2024
650 _aComputer Science
700 _aRudolf Wille
856 _uhttps://link.springer.com/openurl?genre=book&isbn=978-3-031-63422-2
942 _cEB
_2ddc
999 _c56719
_d56719